Statistiques concernant Ligue 1 2020-2021: Leader par journée

Cliquez ici pour prendre le quiz!

Statistiques générales

  • Ce quiz a été pris 546 fois
  • Le résultat moyen est 10 sur 12

Statistiques - réponses

JournéeRéponse% Correct
J31 - J38Lille OSC
97%
J30Paris Saint-Germain
97%
J20 - J21Paris Saint-Germain
95%
J22 - J29Lille OSC
94%
J8 - J13Paris Saint-Germain
94%
J14 - J17Lille OSC
93%
J17 - J19Olympique Lyonnais
92%
J7Lille OSC
90%
J5 - J6Stade Rennais FC
69%
J2OGC Nice
58%
J3 - J4AS Saint-Étienne
54%
J1Nîmes Olympique
41%

Distribution des résultats

Percentile par nombre de réponses

% des personnes avec chaque résultat

Votre développement - résultats

Vous n’avez pas pris ce quiz